Sports Quiz

Random Sports Quiz

Teams Kansas Basketball has lost to this millennium Quiz Stats

Quiz not verified by Sporcle

Challenge
Share
Tweet
Embed
Score 0/78 Timer 10:00
0 Plays Today
Year Team % Correct
00-01Oklahoma
99%
01-02Oklahoma
99%
02-03Oklahoma
99%
04-05Oklahoma
99%
12-13Oklahoma
98.1%
03-04Texas
98%
03-04Texas
98%
05-06Texas
98%
07-08Texas
98%
10-11Texas
98%
12-13Oklahoma State
97.2%
05-06Kansas State
96.5%
07-08Kansas State
96.5%
10-11Kansas State
96.5%
11-12Kentucky
96.5%
11-12Kentucky
96.5%
03-04Oklahoma State
95%
04-05Oklahoma State
95%
07-08Oklahoma State
95%
09-10Oklahoma State
95%
00-01Iowa State
94%
00-01Iowa State
94%
03-04Iowa State
94%
04-05Iowa State
94%
11-12Iowa State
94%
00-01Missouri
93.5%
02-03Missouri
93.5%
04-05Texas Tech
93.5%
04-05Missouri
93.5%
05-06Missouri
93.5%
06-07Texas Tech
93.5%
08-09Missouri
93.5%
08-09Texas Tech
93.5%
11-12Missouri
93.5%
01-02UCLA
93%
06-07UCLA
93%
11-12Duke
92.5%
00-01Baylor
91%
08-09Baylor
91%
Year Team % Correct
11-12Baylor
91%
12-13Michigan
90.7%
08-09Michigan State
89.9%
08-09Michigan State
89.9%
12-13Michigan State
88.9%
12-13Baylor
88.9%
06-07Texas A&M
88.4%
02-03North Carolina
86.4%
02-03Colorado
86.4%
02-03Syracuse
86.4%
08-09Syracuse
86.4%
03-04Nebraska
84.4%
09-10Northern Iowa
80.4%
00-01Illinois
78.9%
02-03Arizona
78.4%
05-06Arizona
78.4%
08-09Arizona
78.4%
12-13TCU
77.8%
04-05Bucknell
76.9%
02-03Florida
76.4%
03-04Georgia Tech
75.9%
05-06Bradley
75.9%
10-11Virginia Commonwealth
75.9%
01-02Maryland
72.9%
03-04Stanford
62.8%
09-10Tennessee
61.8%
02-03Oregon
60.3%
04-05Villanova
59.3%
05-06Arkansas
55.3%
00-01Wake Forest
50.3%
11-12Davidson
49.2%
06-07Oral Roberts
46.2%
03-04Nevada
45.2%
03-04Richmond
45.2%
05-06Nevada
45.2%
06-07DePaul
37.7%
08-09Massachusetts
33.7%
01-02Ball State
28.1%
05-06St. Joseph's
28.1%

You're not logged in!

Compare scores with friends on all Sporcle quizzes.
Sign Up with Email
OR
Log In

You Might Also Like...

Show Comments

Extras

Top Quizzes Today


Score Distribution

Your Account Isn't Verified!

In order to create a playlist on Sporcle, you need to verify the email address you used during registration. Go to your Sporcle Settings to finish the process.